[Event "Reggio Emilia Top15 33rd"]
[Site "Reggio Emilia"]
[Date "1991.??.??"]
[Round "?"]
[White "Portisch, Lajos"]
[Black "Romanishin, Oleg M"]
[Result "1/2-1/2"]
[WhiteElo "2590"]
[BlackElo "2610"]
[Annotator "Schussler,H"]
[PlyCount "74"]
[EventDate "1991.01.??"]
[EventType "tourn"]
[EventRounds "14"]
[EventCountry "ITA"]
[EventCategory "15"]
[SourceTitle "CBM 022"]
[Source "ChessBase"]
[SourceDate "1991.06.01"]
[SourceVersion "1"]
[SourceVersionDate "1991.06.01"]
[SourceQuality "1"]

1. d4 Nf6 2. c4 e6 3. Nf3 b6 4. a3 Bb7 5. Nc3 g6 6. d5 exd5 7. cxd5 Bg7 8. Bg5
O-O 9. e3 Qe8 $1 {Intending 10. - Ne4!.} 10. Bxf6 Bxf6 11. Qc2 Bg7 12. h4 h5
13. Bc4 d6 14. Nb5 Qe7 15. Ba2 Nd7 16. Rc1 Ba6 17. Bc4 Nf6 18. O-O Bb7 19. Rfd1
a6 20. Nbd4 Ng4 21. Ba2 Rac8 22. g3 Bh6 23. Re1 Qf6 24. Kg2 $6 Rfe8 25. Qc3 Re5
$5 26. b4 Rxd5 27. Bxd5 Bxd5 28. e4 Bb7 29. Rc2 c5 30. Nb3 Qe7 31. bxc5 dxc5
32. Rce2 Bg7 33. e5 Qe6 34. Nbd2 Re8 35. Ne4 Nxe5 36. Nfg5 Qc4 37. f3 Rd8
1/2-1/2

[Event "Debrecen"]
[Site "Debrecen"]
[Date "1990.??.??"]
[Round "11"]
[White "Chernin, Alexander"]
[Black "Dorfman, Josif D"]
[Result "1/2-1/2"]
[WhiteElo "2600"]
[BlackElo "2595"]
[Annotator "Schussler,H"]
[PlyCount "41"]
[EventDate "1990.06.??"]
[EventType "tourn"]
[EventRounds "11"]
[EventCountry "HUN"]
[EventCategory "13"]
[SourceTitle "CBM 020"]
[Source "ChessBase"]
[SourceDate "1991.02.01"]
[SourceVersion "1"]
[SourceVersionDate "1991.02.01"]
[SourceQuality "1"]

1. d4 Nf6 2. c4 e6 3. Nf3 b6 4. Nc3 Bb7 5. Bg5 Be7 6. e3 c5 {6. - h6, 6. - Ne4}
7. dxc5 bxc5 8. Qc2 O-O 9. Be2 h6 10. Bh4 d6 11. O-O Qb6 12. Rfd1 Nbd7 13. h3
Rfd8 14. Rd2 a6 15. Rad1 Nf8 16. Ne1 Rd7 17. Bf3 Rad8 18. Bxb7 Qxb7 19. Bxf6
Bxf6 20. Ne4 Be7 21. b3 1/2-1/2

[Event "Biel"]
[Site "Biel"]
[Date "1990.??.??"]
[Round "11"]
[White "Miles, Anthony John"]
[Black "Lautier, Joel"]
[Result "1-0"]
[WhiteElo "2595"]
[BlackElo "2570"]
[Annotator "Schussler,H"]
[PlyCount "61"]
[EventDate "1990.07.??"]
[EventType "tourn"]
[EventRounds "14"]
[EventCountry "SUI"]
[EventCategory "14"]
[SourceTitle "CBM 019"]
[Source "ChessBase"]
[SourceDate "1990.12.01"]
[SourceVersion "1"]
[SourceVersionDate "1990.12.01"]
[SourceQuality "1"]

1. d4 Nf6 2. Nf3 e6 3. c4 b6 4. a3 Bb7 5. Nc3 d5 6. cxd5 Nxd5 7. Bd2 c5 (7...
Nd7 8. Qc2 c5 9. e4 N5f6 $5 10. d5 $1 exd5 11. e5 Qe7 12. O-O-O $14 {Rohde -
Miles, USA (ch), 1988.}) 8. e4 Nf6 9. Qa4+ Nbd7 10. d5 a6 11. dxe6 $14 fxe6 12.
Qb3 b5 13. Be3 Nxe4 14. Nxe4 Bxe4 15. Qxe6+ Qe7 16. Qh3 Nf6 17. O-O-O Bxf3 18.
Qxf3 Qe4 19. Be2 Qxf3 20. Bxf3 Ra7 21. Rhe1 Kf7 22. Rd8 Rg8 23. Bf4 Be7 24.
Rxg8 $18 Nxg8 (24... Kxg8 25. Bb8 Rd7 26. Bc6 Rd8 27. Bc7 $18) 25. Bd5+ Kf8 26.
Bc6 Kf7 27. Bb8 Bg5+ 28. f4 Re7 29. Rf1 Bf6 30. Bd5+ Kg6 {Or 30. - Kf8 31.Bd6
+ -} 31. Bxg8 {31. - Re8 32.f5+ + -} 1-0

[Event "Hoogovens-B"]
[Site "Wijk aan Zee"]
[Date "1991.01.??"]
[Round "3"]
[White "Frias Pablaza, Victor J"]
[Black "Winants, Luc"]
[Result "0-1"]
[WhiteElo "2520"]
[BlackElo "2505"]
[Annotator "Schussler,H"]
[PlyCount "98"]
[EventDate "1991.01.??"]
[EventType "tourn"]
[EventRounds "11"]
[EventCountry "NED"]
[EventCategory "9"]
[SourceTitle "CBM 022"]
[Source "ChessBase"]
[SourceDate "1991.06.01"]
[SourceVersion "1"]
[SourceVersionDate "1991.06.01"]
[SourceQuality "1"]

1. Nf3 Nf6 2. d4 b6 3. c4 Bb7 4. Nc3 e6 5. Bg5 Be7 6. Qc2 c5 7. dxc5 bxc5 8. e3
d6 9. Be2 Nbd7 10. O-O Qb6 11. Rfd1 O-O 12. Rd2 Rfd8 13. h3 Nf8 14. Bf4 h6 15.
Rad1 Rd7 16. Bg3 Rad8 17. Nh2 Bc6 18. Ng4 N8h7 19. Nxf6+ Nxf6 20. e4 Qb7 21. f3
Nh5 22. Bh2 Bf6 23. Bf1 Bd4+ 24. Kh1 Be5 25. Ne2 Bxh2 26. Kxh2 Qb8 27. Kg1 Nf6
28. Nc3 Nh5 29. Qd3 Nf4 30. Qe3 e5 31. Qf2 Rf8 32. Bd3 Ne6 33. Ne2 Qd8 34. Bc2
Qe7 35. Ng3 Nd4 36. Nf5 Qe6 37. b3 Kh8 38. Bb1 g6 39. Nxd4 cxd4 40. f4 f5 41.
exf5 gxf5 42. Re1 Rg7 {[#]} 43. Qxd4 Bxg2 44. Kh2 (44. Rxg2 Rxg2+ 45. Kxg2 Qg6+
$19) 44... Ba8 45. Qe3 Rfg8 46. h4 Rg4 47. Qh3 Qf6 48. fxe5 Rg2+ 49. Rxg2 Rxg2+
{(3.00/2.12) 50.Qxg2 Qxh4 51.Qh3 Qf2 - +} 0-1

[Event "Luzern"]
[Site "Luzern"]
[Date "1989.??.??"]
[Round "?"]
[White "Cebalo, Miso"]
[Black "Miralles, Gilles"]
[Result "1-0"]
[WhiteElo "2485"]
[BlackElo "2445"]
[Annotator "Schussler,H"]
[PlyCount "57"]
[EventDate "1989.10.??"]
[EventType "tourn"]
[EventRounds "11"]
[EventCountry "SUI"]
[EventCategory "8"]
[SourceTitle "CBM 016"]
[Source "ChessBase"]
[SourceDate "1990.06.01"]
[SourceVersion "1"]
[SourceVersionDate "1990.06.01"]
[SourceQuality "1"]

1. d4 Nf6 2. Nf3 b6 3. c4 e6 4. a3 Bb7 5. Nc3 d5 6. cxd5 exd5 7. Qa4+ Nbd7 8.
g3 Be7 9. Bf4 O-O {This natural - and promising move might be new.} (9... a6
10. Bg2 O-O 11. O-O c5 12. dxc5 bxc5 13. Ne5 Nb6 {Fedorowics-Chandler, Dubai 
(ol) 1986. Black is at least equal in the final position. Fedorowics has
suggested 11. b4 as a possible improvement.}) 10. Rd1 Ne4 11. Bg2 Ndf6 $10 12.
Nxe4 dxe4 13. Nd2 Qe8 14. Qc2 Rc8 15. O-O c5 16. Bh3 Rd8 17. dxc5 Qc6 18. Nb3
Ba8 19. Bg2 bxc5 20. Rc1 Qb5 21. Nxc5 Bxc5 22. Qxc5 Qxb2 23. Rfe1 Qb7 24. Red1
Rxd1+ 25. Rxd1 Qa6 26. Bf1 Qb7 27. e3 Nd5 28. Be5 Rc8 29. Rxd5 {29. - h5!? is
not completely clear.} 1-0

[Event "Reggio Emilia Top15 33rd"]
[Site "Reggio Emilia"]
[Date "1991.??.??"]
[Round "?"]
[White "Portisch, Lajos"]
[Black "Gulko, Boris F"]
[Result "1/2-1/2"]
[WhiteElo "2590"]
[BlackElo "2575"]
[Annotator "Schussler,H"]
[PlyCount "64"]
[EventDate "1991.01.??"]
[EventType "tourn"]
[EventRounds "14"]
[EventCountry "ITA"]
[EventCategory "15"]
[SourceTitle "CBM 022"]
[Source "ChessBase"]
[SourceDate "1991.06.01"]
[SourceVersion "1"]
[SourceVersionDate "1991.06.01"]
[SourceQuality "1"]

1. d4 Nf6 2. c4 e6 3. Nf3 b6 4. a3 Ba6 5. Qc2 c5 6. d5 exd5 7. cxd5 d6 8. Nc3
Be7 $5 {Usually Black develops his bishop to g7, reaching a Benoni-type
position. Be7 is not very active and White soon gets an advantage.} 9. g3 O-O
10. Bg2 Re8 11. O-O Bf8 12. a4 Nbd7 13. Re1 $14 g6 14. h3 Ne5 15. Nxe5 Rxe5 16.
b3 Re8 17. Bb2 Bg7 18. Rad1 Bc8 19. Nb5 a6 20. Na3 Rb8 21. e4 b5 22. axb5 axb5
23. e5 Bf5 24. Qc1 dxe5 25. Bxe5 Rc8 26. d6 c4 27. bxc4 bxc4 28. Qc3 Bd3 $1 29.
d7 Rxe5 $10 30. dxc8=Q Rxe1+ 31. Qxe1 Qxc8 32. Nb5 Qc5 1/2-1/2

[Event "Reggio Emilia-A 9192 34th"]
[Site "Reggio Emilia"]
[Date "1992.??.??"]
[Round "9"]
[White "Gelfand, Boris"]
[Black "Karpov, Anatoly"]
[Result "1/2-1/2"]
[WhiteElo "2665"]
[BlackElo "2730"]
[Annotator "Schussler,H"]
[PlyCount "179"]
[EventDate "1991.12.??"]
[EventType "tourn"]
[EventRounds "9"]
[EventCountry "ITA"]
[EventCategory "18"]
[SourceTitle "CBM 027"]
[Source "ChessBase"]
[SourceDate "1992.04.01"]
[SourceVersion "1"]
[SourceVersionDate "1992.04.01"]
[SourceQuality "1"]

1. d4 Nf6 2. c4 e6 3. Nf3 b6 4. a3 Bb7 5. Nc3 d5 6. Qa4+ c6 (6... Qd7 7. Qc2 $5
(7. Qxd7+ Nbxd7 8. Nb5 Bd6 9. cxd5 Bxd5 10. e3 Ke7 11. Bd2 a5 12. Bd3 Ne4 $10 {
Christiansen,L-Kortchnoi,V, Linares 1985.}) (7. Qb3 dxc4 8. Qxc4 c5 $10) 7...
dxc4 8. e4 b5 9. Bf4 a6 $10 {Khalifman,A-Polugajevski,L (CBM 27 game 354).}) 7.
cxd5 exd5 8. g3 Bd6 9. Bg2 Nbd7 10. O-O O-O 11. Bf4 Qe7 12. Rad1 (12. Bxd6 Qxd6
13. Rfd1 (13. Qb4 $5 Qb8 14. Rac1 Re8 15. e3 c5 16. Qa4 Qd6 $10 {Khalifman,
A-Rozentalis,E, Soviet (ch) 1990.}) 13... Rfe8 14. e3 a5 15. Rac1 Ba6 16. Qb3
Rab8 17. Nd2 Ng4 $5 $13 {Henkin-Rozentalis, Stockholm 1990/91.}) 12... Rfe8 13.
e3 c5 $5 (13... Nf8 14. Rfe1 Ne6 15. Bxd6 Qxd6 16. b4 a5 17. Qb3 axb4 18. axb4
Re7 {[] / = Lobron,E-Hübner,R, Germany 1991.}) 14. Bxd6 Qxd6 15. dxc5 bxc5 16.
Qf4 Qxf4 17. gxf4 Rab8 $10 18. b4 $6 d4 $1 $15 19. exd4 cxb4 20. axb4 Bxf3 21.
Bxf3 Rxb4 22. Nd5 Nxd5 23. Bxd5 Nf6 24. Bc6 Rd8 25. d5 Rxf4 26. Ra1 Rd6 27.
Rxa7 h5 28. f3 Nxd5 29. Bxd5 Rxd5 30. Ra3 Rg5+ 31. Kh1 Kh7 32. Re3 Kh6 33. Rg1
Ra5 34. Rd3 Rf6 35. Rc3 Rff5 36. Rd3 g6 37. Rc3 Ra4 38. Rd3 Kg7 39. Rc3 Kf6 40.
Re3 Re5 41. Rge1 Rxe3 42. Rxe3 Kf5 43. Re2 Kf4 44. Kg2 g5 45. Kf2 (45. h3 f5
46. Rb2 Ra3 47. Rc2 (47. Rb4+ Ke3 48. Rb5 Ra2+ 49. Kg1 Kf4 50. Rc5 Kg3) 47...
Ke3 48. Rb2 Rd3) 45... f5 46. Rb2 g4 47. fxg4 hxg4 48. Rc2 Ra3 49. Rb2 Kg5 50.
Rb8 Ra2+ 51. Kg1 Rd2 52. Ra8 Kf4 53. Ra3 Re2 54. Ra1 Kf3 55. Rf1+ Ke4 56. Ra1
f4 57. Rd1 Rc2 58. Re1+ Kf3 59. Rf1+ Ke3 60. Re1+ Re2 61. Ra1 Rc2 62. Re1+ Kd3
63. Rf1 f3 64. Ra1 Ke2 65. Rb1 Ra2 66. Rf1 Ke3 67. Rb1 Ra4 68. Rb3+ Kf4 69. Rb8
Ra1+ 70. Kf2 Ra2+ 71. Kg1 Rg2+ 72. Kh1 Rd2 73. Kg1 Rg2+ 74. Kh1 Re2 75. Kg1 Rc2
76. Rb4+ Ke3 77. Rb3+ Ke2 78. Rb1 Rd2 79. Ra1 Rb2 (79... Rd1+ 80. Rxd1 Kxd1 81.
Kf2 Kd2 82. h3 $10) 80. Rf1 Ke3 81. Ra1 Rg2+ 82. Kh1 g3 83. Ra3+ Kf4 84. Ra4+
Kf5 85. hxg3 Rxg3 86. Kh2 Rg4 87. Ra5+ Kf4 88. Ra4+ Kg5 89. Ra3 f2 90. Rf3
1/2-1/2

[Event "Vrnjacka Banja"]
[Site "Vrnjacka Banja"]
[Date "1991.??.??"]
[Round "4"]
[White "Pavlovic, Milos"]
[Black "Maksimenko, Andrei"]
[Result "1-0"]
[WhiteElo "2480"]
[BlackElo "2370"]
[Annotator "Schussler,H"]
[PlyCount "75"]
[EventDate "1991.04.??"]
[EventType "tourn"]
[EventRounds "15"]
[EventCountry "YUG"]
[EventCategory "9"]
[SourceTitle "CBM 023"]
[Source "ChessBase"]
[SourceDate "1991.08.01"]
[SourceVersion "1"]
[SourceVersionDate "1991.08.01"]
[SourceQuality "1"]

1. d4 Nf6 2. c4 e6 3. Nf3 b6 4. Nc3 Bb7 5. a3 Ne4 6. Nxe4 Bxe4 7. Nd2 Bb7 8. e4
Qf6 9. d5 Qg6 10. Nf3 Qxe4+ {A suitable variation for masochists.} 11. Be3 f6
12. Bd3 Qg4 13. Be2 {Stronger than 13.h3 Qh5!. If now 13. - Qg6 than 14.Ng5!.}
exd5 14. Ng5 Qf5 15. Bd3 Qe5 16. Qh5+ g6 17. Bxg6+ hxg6 18. Qxg6+ Ke7 19. O-O-O
Na6 20. Rhe1 Rh6 21. Qf7+ Kd6 22. f4 Qe7 23. Bc5+ bxc5 24. Rxe7 fxg5 25. Rxd5+
Kc6 26. fxg5 Rxh2 27. Rexd7 Kb6 28. Qe6+ Bc6 29. Rd3 Bd6 30. R7xd6 cxd6 31.
Qxd6 Rh1+ 32. Kc2 Rc8 33. Rb3+ Ka5 34. Qxc6 $3 Rc1+ 35. Kxc1 Rxc6 36. Rb5+ Ka4
37. Kc2 Nb4+ 38. axb4 1-0

[Event "Biel"]
[Site "Biel"]
[Date "1990.??.??"]
[Round "13"]
[White "Miles, Anthony John"]
[Black "Polugaevsky, Lev"]
[Result "1/2-1/2"]
[WhiteElo "2595"]
[BlackElo "2610"]
[Annotator "Schussler,H"]
[PlyCount "121"]
[EventDate "1990.07.??"]
[EventType "tourn"]
[EventRounds "14"]
[EventCountry "SUI"]
[EventCategory "14"]
[SourceTitle "CBM 019"]
[Source "ChessBase"]
[SourceDate "1990.12.01"]
[SourceVersion "1"]
[SourceVersionDate "1990.12.01"]
[SourceQuality "1"]

1. d4 Nf6 2. Nf3 e6 3. c4 b6 4. a3 Bb7 5. Nc3 d5 6. cxd5 Nxd5 7. Bd2 Nd7 8. Qc2
Be7 $14 {8. - c5} 9. e4 Nxc3 10. Bxc3 O-O 11. Rd1 Qc8 12. Bd3 Rd8 {For 12. -
Ba6. see Cramling, P - Brunner, Biel-B 1990 (this disk).} 13. O-O c5 14. d5 c4
15. Be2 exd5 16. exd5 Bf6 17. Nd4 Bxd5 18. Nf5 Be6 19. Bxf6 Bxf5 20. Qxf5 Nxf6
21. Rxd8+ Qxd8 22. Bxc4 Qd4 23. b3 Rd8 24. Qf3 g6 25. g3 Kg7 26. Re1 Qc5 27. a4
a5 28. Kg2 Rd2 29. Re3 h5 30. h3 Qc7 31. Re1 Qc5 32. Qe3 Qxe3 33. Rxe3 Kf8 34.
Kf3 Nd7 35. Bb5 Rd4 36. Re4 Rd6 37. Ke3 Nc5 38. Re8+ Kg7 39. Bc4 Kf6 40. Rc8
Ne6 41. Ra8 Nd8 42. Ra7 g5 43. h4 gxh4 44. gxh4 Ne6 45. f4 Kg6 46. f5+ Kxf5 47.
Rxf7+ Kg6 48. Rf1 Nc5 49. Rg1+ Kh6 50. Rg5 Rf6 51. Rd5 Rg6 52. Rf5 Rg4 53. Rf4
Rg3+ 54. Kf2 Rc3 55. Rf6+ Kg7 56. Rxb6 Nxa4 57. Rb5 Nb2 58. Rg5+ Kf6 59. Bg8 a4
60. bxa4 Nxa4 61. Rxh5 1/2-1/2

[Event "New York op"]
[Site "New York"]
[Date "1991.??.??"]
[Round "2"]
[White "Frias Pablaza, Victor J"]
[Black "Rabinovich, Arkady"]
[Result "1/2-1/2"]
[WhiteElo "2520"]
[BlackElo "2340"]
[Annotator "Schussler,H"]
[PlyCount "83"]
[EventDate "1991.03.??"]
[EventType "swiss"]
[EventRounds "9"]
[EventCountry "USA"]
[SourceTitle "CBM 023"]
[Source "ChessBase"]
[SourceDate "1991.08.01"]
[SourceVersion "1"]
[SourceVersionDate "1991.08.01"]
[SourceQuality "1"]

1. d4 Nf6 2. Nf3 e6 3. c4 b6 4. Nc3 Bb7 5. Bg5 Be7 6. e3 Ne4 {In some
variations it`s a good idea to have h7-h6 put in. For instance the h7- isn`t
hanging after a later d3 and c2.} 7. Nxe4 Bxe4 8. Bxe7 Qxe7 9. Nd2 $6 Bb7 10.
Bd3 Qg5 $1 11. Qe2 Qxg2 12. O-O-O Qh3 13. Rhg1 g6 14. f4 Nc6 15. a3 O-O-O $15
16. Ne4 Qh6 17. c5 f5 18. Nc3 Kb8 19. Kb1 Ne7 20. Rc1 Nd5 21. Ba6 Rhg8 22. Nxd5
exd5 23. Rc3 Rde8 24. Rb3 Re6 25. Rc1 g5 26. Bxb7 Kxb7 27. Qc2 Rc6 28. Qxf5 Qg6
29. Qxg6 Rcxg6 30. Rbc3 c6 31. fxg5 Rxg5 32. Rf1 R8g7 33. Rf3 Rh5 34. cxb6 axb6
35. h3 Rhg5 36. Rc2 Rg3 37. Rcf2 Kc7 38. Kc2 h5 39. Kd3 h4 40. Ke2 Rxf3 41.
Rxf3 Rg2+ 42. Rf2 1/2-1/2

[Event "Vienna op"]
[Site "Vienna"]
[Date "1990.??.??"]
[Round "4"]
[White "Krasenkow, Michal"]
[Black "Lendwai, Reinhard"]
[Result "1-0"]
[WhiteElo "2535"]
[BlackElo "2380"]
[Annotator "Schussler,H"]
[PlyCount "53"]
[EventDate "1990.10.??"]
[EventType "swiss"]
[EventRounds "9"]
[EventCountry "AUT"]
[SourceTitle "CBM 021"]
[Source "ChessBase"]
[SourceDate "1991.04.01"]
[SourceVersion "1"]
[SourceVersionDate "1991.04.01"]
[SourceQuality "1"]

1. d4 Nf6 2. c4 e6 3. Nf3 b6 4. a3 Bb7 5. Nc3 Ne4 6. Nxe4 Bxe4 7. Bf4 Be7 8. e3
O-O 9. Bd3 Bxd3 10. Qxd3 d6 {After 10. - d5 it` very hard for White to exploit
his space-advantage (which is evident after a later e3-e4) as there are few
minor-pieces left on the board.} 11. e4 Nd7 12. O-O Rc8 13. Rfd1 d5 14. cxd5
exd5 15. e5 a5 16. Qf5 Kh8 17. Rd3 f6 18. e6 Nb8 19. Nh4 Qe8 20. Rh3 Kg8 21.
Qxd5 g5 22. Nf5 gxf4 23. Qf3 Bd6 24. Rh6 Qg6 25. Rxg6+ hxg6 26. Qg4 Kh7 27. e7
1-0

[Event "Hoogovens"]
[Site "Wijk aan Zee"]
[Date "1992.01.??"]
[Round "13"]
[White "Gelfand, Boris"]
[Black "Kortschnoj, Viktor Lvovich"]
[Result "1/2-1/2"]
[WhiteElo "2665"]
[BlackElo "2585"]
[Annotator "Schussler,H"]
[PlyCount "55"]
[EventDate "1992.01.??"]
[EventType "tourn"]
[EventRounds "13"]
[EventCountry "NED"]
[EventCategory "14"]
[SourceTitle "CBM 028"]
[Source "ChessBase"]
[SourceDate "1992.06.01"]
[SourceVersion "1"]
[SourceVersionDate "1992.06.01"]
[SourceQuality "1"]

{[%evp 0,53,23,18,34,-21,-23,3,14,27,31,21,22,-3,30,16,36,26,19,32,66,67,76,96,
100,25,100,79,81,88,73,46,23,72,66,100,112,107,109,110,122,38,110,108,99,66,
123,61,229,68,197,80,188,99,103,66]} 1. d4 Nf6 2. c4 e6 3. Nf3 b6 4. a3 Bb7 5.
Nc3 d5 6. Qa4+ c6 7. cxd5 Nxd5 $6 8. Bd2 Nd7 9. e4 N5f6 10. e5 $1 Nd5 11. Nxd5
cxd5 12. Bg5 Be7 (12... f6 13. exf6 gxf6 14. Ne5 $5 $16) 13. Bxe7 Qxe7 14. Rc1
Qd8 15. Qb4 (15. Bb5 a6 16. Bxd7+ Qxd7 17. Qb4 Qb5 18. Rc7 $16) 15... Rc8 16.
Rxc8 Qxc8 17. Kd2 Bc6 $1 $16 18. Bd3 Nb8 19. Rc1 Qd7 20. a4 f6 21. a5 Qe7 22.
Qb3 (22. Qxe7+ Kxe7 23. axb6 axb6 24. Ra1 $16) 22... Qb7 23. a6 (23. axb6 Qxb6
(23... axb6 24. Qb4 $18) 24. Qxb6 axb6 25. Ra1 $16) 23... Qe7 24. Bb5 Kd7 25.
Bd3 Rc8 26. Rc3 f5 27. Qc2 Kd8 28. Ke1 1/2-1/2

[Event "Hoogovens"]
[Site "Wijk aan Zee"]
[Date "1992.01.??"]
[Round "13"]
[White "Piket, Jeroen"]
[Black "Sax, Gyula"]
[Result "1/2-1/2"]
[WhiteElo "2615"]
[BlackElo "2600"]
[Annotator "Schussler,H"]
[PlyCount "65"]
[EventDate "1992.01.??"]
[EventType "tourn"]
[EventRounds "13"]
[EventCountry "NED"]
[EventCategory "14"]
[SourceTitle "CBM 028"]
[Source "ChessBase"]
[SourceDate "1992.06.01"]
[SourceVersion "1"]
[SourceVersionDate "1992.06.01"]
[SourceQuality "1"]

1. d4 Nf6 2. c4 e6 3. Nf3 b6 4. Nc3 {If 4.a3 first Black may go for the risky
but not refuted 4. - Ba6 5.Qc2 c5 6.d5 exd5 7.cxd5 Bb7 8.e4 Qe7 grabbing a
pawn as in Karpov,An-Polugajevsky,L Roquebrune 1992 CBM 28 game 703.} Bb7 5. a3
d5 6. Qa4+ {The latest vogue. Worth observing in the main-line 6.cxd5 is 6. -
Nxd5 7.e4?! as in Piket,J-Kortschnoj,V, Roquebrune 1992 CBM 28 game 743.} Qd7 (
6... c6 7. cxd5 exd5 (7... Nxd5 8. Bd2 Nd7 9. e4 N5f6 10. e5 Nd5 11. Nxd5 cxd5
12. Bg5 $1 $16 {Gelfand,B-Kortschnoj,V, Wijk 1992 (the same round as
PIket-Ljubo!) CBM 28 game 856.}) 8. g3 {Black also equalized in Piket,
J-Ljubojevic,L, Roguebrune 1992 CBM 28 game 745.} Bd6 9. Bg2 O-O 10. O-O Re8
11. Bf4 Bxf4 12. gxf4 Ne4 13. Rfe1 Nxc3 14. bxc3 Nd7 15. c4 dxc4 16. Qxc4 Qf6
17. e3 c5 $10 {Karpov,An-Kortschnoj,V, Roquebrune 1992 CBM 28 game 698.}) 7.
Qc2 (7. Qxd7+ Nbxd7 8. Nb5 Bd6 9. cxd5 Bxd5 10. e3 Ke7 $10 {Christiansen,
L-Kortschnoj,V, Linares 1985.}) (7. Qb3 dxc4 8. Qxc4 c5 $10) 7... dxc4 8. e4 (
8. e3 c5 9. Bxc4 Qc8 (9... a6 $2 10. dxc5 $1 Bxc5 {10. - b5 11.Be2 Bxc5 12.
Nxb5 + -} 11. Na4 $16) 10. Qe2 Nbd7 11. O-O a6 {11. - Bd6! (Ivanchuk)} 12. Rd1
b5 13. Ba2 Be7 14. e4 $14 {Khalifman,A-Ivanchuk,V, Reykjavik 1991.}) 8... b5 9.
Bf4 a6 10. O-O-O Be7 11. g4 Bd6 $1 (11... Nc6 12. g5 Nh5 13. Be3 b4 14. Ne5 $1
$13 {Khalifman,A-Polugajevsky,L, Reggio Emilia 1991/92.}) 12. Bg5 h6 13. Bxf6
gxf6 14. d5 e5 15. Nh4 $10 Qxg4 16. Nf5 Bc8 17. Ne3 Qf4 18. Rg1 h5 {18. - Nd7}
19. Kb1 Nd7 20. Bh3 Nc5 21. Bxc8 Rxc8 22. Rg7 Nd3 23. Nf5 Qxh2 24. Rxd3 cxd3
25. Qxd3 {Threatening 26.Nxb5.} Kf8 26. Qe3 Qf4 27. Qh3 {27.Da7!? is unclear.}
Qxf2 28. Rg2 Qe1+ 29. Kc2 Rd8 30. Re2 Qg1 31. Rg2 Qe1 32. Re2 Qg1 33. Rg2
1/2-1/2

[Event "Amsterdam Euwe Memorial"]
[Site "Amsterdam"]
[Date "1992.??.??"]
[Round "?"]
[White "Seirawan, Yasser"]
[Black "Timman, Jan H"]
[Result "1/2-1/2"]
[WhiteElo "2600"]
[BlackElo "2620"]
[Annotator "Schussler,H"]
[PlyCount "81"]
[EventDate "1992.05.??"]
[EventType "tourn"]
[EventRounds "6"]
[EventCountry "NED"]
[EventCategory "16"]
[SourceTitle "CBM 030"]
[Source "ChessBase"]
[SourceDate "1992.10.01"]
[SourceVersion "1"]
[SourceVersionDate "1992.10.01"]
[SourceQuality "1"]

1. d4 Nf6 2. c4 e6 3. Nf3 b6 4. a3 Bb7 5. Nc3 d5 6. cxd5 Nxd5 7. Qc2 c5 8. Bg5
{8.dxc5!? Lxc5 9.Lg5 +/=/=. 8.e4!.} Be7 9. Bxe7 Qxe7 10. Nxd5 exd5 11. e3 O-O
12. Bd3 g6 13. dxc5 bxc5 14. O-O Nd7 $10 15. Rfe1 Rac8 16. Qa4 {16.Rac1.} Bc6
$1 17. Qa5 (17. Qxa7 Qd8 {17. - Dd6? 18.Da5.} 18. Qa6 Nb8 19. Qa7 Nd7 $10)
17... Qf6 18. b4 d4 $1 19. e4 Qd8 20. Qxd8 Rfxd8 21. Rac1 Ba4 22. Kf1 (22. e5
Re8 23. e6 fxe6 (23... Rxe6 24. Rxe6 fxe6 25. Nxd4 $14) 24. Ba6 Rc6 25. Bf1 $10
{(Seirawan).}) 22... Rc6 23. Ke2 Kg7 24. Nd2 Rb8 25. Rb1 Bb5 (25... Ne5 26.
bxc5 Rxb1 27. Rxb1 Rxc5 28. Rb4 $16 {(Seirawan)}) 26. Bxb5 Rxb5 27. Rec1 Ra6
28. bxc5 Rxc5 29. Rc4 Rxa3 $1 30. Rxd4 Nb6 $10 31. Rdb4 $6 {31.Rd3!? =} Na4 32.
R1b3 Ra2 33. Ke3 Rcc2 34. Rd4 Nb2 $6 {34. - a5 -/+} 35. f3 a5 36. Rd7 Kh6 $2 {
36. - Nd1+ 37.Ke2 Nc3+ =} 37. h4 Nd1+ 38. Ke2 Nc3+ 39. Ke3 Nd1+ 40. Ke2 (40.
Kf4 $1 Rxd2 41. Rxf7 Rab2 42. g4 $18) 40... Nc3+ 41. Ke3 1/2-1/2

[Event "Hafnarfirdi"]
[Site "Hafnarfirdi"]
[Date "1992.??.??"]
[Round "4"]
[White "Petursson, Margeir"]
[Black "Stefansson, Hannes"]
[Result "0-1"]
[WhiteElo "2555"]
[BlackElo "2455"]
[Annotator "Schussler,H"]
[PlyCount "96"]
[EventDate "1992.03.??"]
[EventType "tourn"]
[EventRounds "11"]
[EventCountry "ISL"]
[EventCategory "7"]
[SourceTitle "CBM 029"]
[Source "ChessBase"]
[SourceDate "1992.08.01"]
[SourceVersion "1"]
[SourceVersionDate "1992.08.01"]
[SourceQuality "1"]

1. d4 Nf6 2. c4 e6 3. Nf3 b6 4. a3 Bb7 5. Nc3 d5 6. cxd5 Nxd5 7. Qc2 Be7 8. Bd2
(8. e4 Nxc3 9. bxc3 O-O 10. Bd3 c5 11. Bb2 Qc8 12. Qe2 Ba6 13. O-O Bxd3 14.
Qxd3 Qa6 {+/= / =}) 8... O-O 9. e4 Nxc3 10. Bxc3 Nd7 11. Rd1 Qc8 12. Bd3 Rd8
13. O-O c5 14. d5 c4 (14... Nf8 15. Bc4 exd5 16. Bxd5 Ng6 17. Ne5 Bxd5 18. exd5
Bd6 19. f4 Ne7 20. Qe2 Nf5 $13 {Razuvaev-Olafsson,H, Iceland 1989}) 15. Be2
exd5 16. Nd4 $6 {New, dangerous but perhaps not completely sound.} (16. exd5
Bf6 17. Nd4 Bxd5 18. Nf5 Be6 19. Bxf6 Bxf5 20. Qxf5 Nxf6 21. Rxd8+ Qxd8 22.
Bxc4 Qd4 23. b3 Rd8 $10 {Miles-Polugajevsky 1990}) 16... dxe4 17. Nf5 Qc5 $1
18. Bg4 {Threatens 19.Bb4.} (18. Nxg7 Nf6 19. Bxf6 Bxf6 20. Nh5 Bd4 $17) 18...
Bf6 $17 19. Rxd7 Rxd7 20. Bxf6 gxf6 21. Qc3 Qe5 22. Nh6+ Kg7 23. Bxd7 Kxh6 24.
Qxc4 Kg7 25. b4 Rd8 26. Bc6 Rd4 27. Qc3 Bxc6 28. Qxc6 Rd3 29. Qa4 Qc7 30. h3 f5
31. Qb5 Qd7 32. Qe5+ f6 33. Qf4 Kg6 34. Rc1 Qd6 35. Qxd6 Rxd6 36. Rc7 Rd1+ 37.
Kh2 f4 38. Rxa7 Rf1 39. Re7 f5 40. f3 (40. b5 Rxf2 41. Kg1 Rb2 42. Re6+ Kg5 43.
Rxb6 e3 44. Re6 Rb1+ 45. Kh2 f3 $1 46. gxf3 Kf4 $19) 40... e3 41. b5 Kf6 42.
Re8 Ra1 $19 43. g3 Ra2+ 44. Kg1 fxg3 45. Rxe3 Kg5 46. Rd3 Kh4 47. Rd6 h5 48.
Rh6 f4 {Black takes a3 and b5.} 0-1